| 000 | 00732nam a2200229 i 4500 | ||
|---|---|---|---|
| 001 | 35906 | ||
| 003 | ES-MaACL | ||
| 005 | 20250809060518.0 | ||
| 007 | t| | ||
| 008 | 030214s1978 mx ||||1| spa d | ||
| 020 | _a968-16-0105-X | ||
| 100 | 1 |
_aBrodie, Bernard. _931854 |
|
| 245 | 1 | 0 |
_aGuerra y política / _cBernard Brodie ; [traducción de Eduardo L. Suárez]. |
| 250 | _a[1ª ed.]. | ||
| 260 |
_aMéxico : _bFondo de Cultura Económica, _c1978. |
||
| 300 |
_a477 p. ; _c23 cm. |
||
| 490 | 1 | _aObras de política y derecho | |
| 700 | 1 |
_aSuárez, Eduardo L. _9108553 |
|
| 830 | 0 | 0 |
_aPolítica y derecho (Fondo de Cultura Económica) _9239363 |
| 852 |
_aES-MaACL _jL-11424 _bR.113144 |
||
| 999 |
_c35906 _d35906 |
||